[Event "European Chess Club Cup 2023"]
[Site "Durres, Albania"]
[Date "2023.10.07"]
[Round "7.31"]
[White "Mamedyarov, Shakhriyar"]
[Black "Alonso Rosell, Alvar"]
[Result "1/2-1/2"]
[TimeControl "90' + 30' & 30\""]
[WhiteElo "2734"]
[BlackElo "2574"]

1. Nf3 {[%clk 01:30:58]} {[%emt 00:00:02]} Nf6 {[%clk 01:28:17]} {[%emt
00:02:43]} 2. c4 {[%clk 01:30:57]} {[%emt 00:00:31]} c5 {[%clk 01:27:45]}
{[%emt 00:01:03]} 3. b3 {[%clk 01:31:21]} {[%emt 00:00:06]} g6 {[%clk
01:26:36]} {[%emt 00:01:38]} 4. Bb2 {[%clk 01:31:44]} {[%emt 00:00:08]} Bg7
{[%clk 01:27:05]} {[%emt 00:00:01]} 5. g3 {[%clk 01:32:13]} Nc6 {[%clk
01:27:21]} {[%emt 00:00:14]} 6. Bg2 {[%clk 01:32:38]} {[%emt 00:00:05]} d6
{[%clk 01:25:56]} {[%emt 00:01:55]} 7. O-O {[%clk 01:30:49]} {[%emt 00:02:18]}
O-O {[%clk 01:26:08]} {[%emt 00:00:18]} 8. d4 {[%clk 01:27:03]} {[%emt
00:04:17]} cxd4 {[%clk 01:25:48]} {[%emt 00:00:49]} 9. Nxd4 {[%clk 01:27:14]}
{[%emt 00:00:20]} Bd7 {[%clk 01:25:32]} {[%emt 00:00:45]} 10. e3 {[%clk
01:24:13]} {[%emt 00:03:31]} Qc8 {[%clk 01:15:24]} {[%emt 00:10:37]} 11. Re1
{[%clk 01:23:30]} {[%emt 00:01:14]} Bh3 {[%clk 01:11:08]} {[%emt 00:04:46]} 12.
Bh1 {[%clk 01:23:57]} {[%emt 00:00:03]} Ne5 {[%clk 01:04:08]} {[%emt 00:07:30]}
13. Nc3 {[%clk 01:24:08]} {[%emt 00:00:19]} h5 {[%clk 01:03:59]} {[%emt
00:00:38]} 14. Qe2 {[%clk 01:18:10]} {[%emt 00:06:28]} h4 {[%clk 01:01:53]}
{[%emt 00:02:37]} 15. Rad1 {[%clk 01:17:46]} {[%emt 00:00:53]} hxg3 {[%clk
01:00:51]} {[%emt 00:01:33]} 16. hxg3 {[%clk 01:18:11]} {[%emt 00:00:05]} Bg4
{[%clk 00:54:45]} {[%emt 00:06:36]} 17. f3 {[%clk 01:18:28]} {[%emt 00:00:13]}
Bd7 {[%clk 00:55:12]} {[%emt 00:00:02]} 18. Bg2 {[%clk 01:16:08]} {[%emt
00:02:51]} Rb8 {[%clk 00:47:39]} {[%emt 00:08:03]} 19. g4 {[%clk 01:12:25]}
{[%emt 00:04:14]} a6 {[%clk 00:36:16]} {[%emt 00:11:52]} 20. g5 {[%clk
01:05:08]} {[%emt 00:07:47]} Nh5 {[%clk 00:34:11]} {[%emt 00:02:35]} 21. Nd5
{[%clk 01:03:41]} {[%emt 00:01:57]} Qd8 {[%clk 00:31:55]} {[%emt 00:02:46]} 22.
Nf4 {[%clk 01:04:05]} {[%emt 00:00:06]} Ng3 {[%clk 00:18:30]} {[%emt 00:13:55]}
23. Qf2 {[%clk 01:03:32]} {[%emt 00:01:01]} Nf5 {[%clk 00:18:49]} {[%emt
00:00:11]} 24. Nd5 {[%clk 00:56:52]} {[%emt 00:07:12]} Bc6 {[%clk 00:10:26]}
{[%emt 00:08:54]} 25. Nxc6 {[%clk 00:49:00]} {[%emt 00:08:22]} bxc6 {[%clk
00:09:57]} {[%emt 00:00:58]} 26. Nc3 {[%clk 00:48:22]} {[%emt 00:01:08]} Qa5
{[%clk 00:07:54]} {[%emt 00:02:34]} 27. Na4 {[%clk 00:42:26]} {[%emt 00:06:25]}
Qxa4 {[%clk 00:08:15]} {[%emt 00:00:09]} 28. Bxe5 {[%clk 00:41:09]} {[%emt
00:01:48]} Qa5 {[%clk 00:07:20]} {[%emt 00:01:24]} 29. Bxg7 {[%clk 00:41:26]}
{[%emt 00:00:13]} Nxg7 {[%clk 00:07:48]} {[%emt 00:00:03]} 30. f4 {[%clk
00:41:52]} {[%emt 00:00:04]} Qc5 {[%clk 00:07:40]} {[%emt 00:00:37]} 31. e4
{[%clk 00:37:57]} {[%emt 00:04:25]} Qxf2+ {[%clk 00:04:12]} {[%emt 00:03:58]}
32. Kxf2 {[%clk 00:38:20]} {[%emt 00:00:07]} f6 {[%clk 00:04:38]} {[%emt
00:00:04]} 33. Ke3 {[%clk 00:37:47]} {[%emt 00:01:02]} fxg5 {[%clk 00:02:32]}
{[%emt 00:02:37]} 34. fxg5 {[%clk 00:38:16]} {[%emt 00:00:02]} c5 {[%clk
00:02:14]} {[%emt 00:00:47]} 35. Bh3 {[%clk 00:34:01]} {[%emt 00:04:45]} a5
{[%clk 00:02:36]} {[%emt 00:00:09]} 36. e5 {[%clk 00:30:38]} {[%emt 00:03:53]}
a4 {[%clk 00:02:34]} {[%emt 00:00:31]} 37. bxa4 {[%clk 00:31:07]} {[%emt
00:00:02]} Rb4 {[%clk 00:01:00]} {[%emt 00:02:03]} 38. exd6 {[%clk 00:24:59]}
{[%emt 00:06:38]} exd6 {[%clk 00:01:28]} {[%emt 00:00:02]} 39. Rxd6 {[%clk
00:25:22]} {[%emt 00:00:07]} Rxa4 {[%clk 00:00:55]} {[%emt 00:01:03]} 40. Be6+
{[%clk 00:20:40]} {[%emt 00:05:11]} Nxe6 {[%clk 00:01:23]} {[%emt 00:00:03]} 41.
Rxe6 {[%clk 00:21:06]} {[%emt 00:00:03]} Rxc4 {[%clk 00:22:54]} {[%emt
00:09:00]} 42. Rxg6+ {[%clk 00:49:43]} {[%emt 00:01:53]} Kh7 {[%clk 00:20:14]}
{[%emt 00:03:10]} 43. Rh6+ {[%clk 00:50:02]} {[%emt 00:00:10]} Kg7 {[%clk
00:20:37]} {[%emt 00:00:07]} 44. Rb1 {[%clk 00:50:28]} {[%emt 00:00:04]} Re8+
{[%clk 00:12:28]} {[%emt 00:08:40]} 45. Kf3 {[%clk 00:50:38]} {[%emt 00:00:13]}
Rf8+ {[%clk 00:12:42]} {[%emt 00:00:22]} 46. Kg3 {[%clk 00:50:51]} {[%emt
00:00:14]} Ra4 {[%clk 00:12:50]} {[%emt 00:00:26]} 47. Rb7+ {[%clk 00:49:10]}
{[%emt 00:02:10]} Rf7 {[%clk 00:13:06]} {[%emt 00:00:15]} 48. Rbb6 {[%clk
00:49:31]} {[%emt 00:00:09]} Rf5 {[%clk 00:12:04]} {[%emt 00:01:32]} 49. Rb7+
{[%clk 00:49:13]} {[%emt 00:00:48]} Rf7 {[%clk 00:12:27]} {[%emt 00:00:07]} 50.
Rbb6 {[%clk 00:49:37]} {[%emt 00:00:06]} Rf5 {[%clk 00:12:55]} {[%emt
00:00:02]} 51. Rb7+ {[%clk 00:50:03]} {[%emt 00:00:04]} 1/2-1/2

[Event "European Chess Club Cup 2023"]
[Site "Durres, Albania"]
[Date "2023.10.07"]
[Round "7.32"]
[White "Gines Esteo, Pedro Antonio"]
[Black "Amin, Bassem"]
[Result "0-1"]
[TimeControl "90' + 30' & 30\""]
[WhiteElo "2490"]
[BlackElo "2680"]

1. d4 {[%clk 01:30:57]} {[%emt 00:00:03]} Nf6 {[%clk 01:29:56]} {[%emt
00:01:04]} 2. c4 {[%clk 01:31:04]} {[%emt 00:00:23]} g6 {[%clk 01:30:20]}
{[%emt 00:00:06]} 3. Nc3 {[%clk 01:30:21]} {[%emt 00:01:13]} d5 {[%clk
01:30:30]} {[%emt 00:00:20]} 4. Nf3 {[%clk 01:22:01]} {[%emt 00:08:50]} Bg7
{[%clk 01:30:34]} {[%emt 00:00:27]} 5. cxd5 {[%clk 01:22:07]} {[%emt 00:00:23]}
Nxd5 {[%clk 01:30:53]} {[%emt 00:00:11]} 6. Bd2 {[%clk 01:22:15]} {[%emt
00:00:22]} O-O {[%clk 01:30:42]} {[%emt 00:00:41]} 7. Rc1 {[%clk 01:16:58]}
{[%emt 00:05:46]} c5 {[%clk 01:26:31]} {[%emt 00:04:43]} 8. Nxd5 {[%clk
01:10:27]} {[%emt 00:07:00]} Qxd5 {[%clk 01:26:58]} {[%emt 00:00:03]} 9. Rxc5
{[%clk 01:10:51]} {[%emt 00:00:06]} Qxa2 {[%clk 01:27:15]} {[%emt 00:00:13]} 10.
e4 {[%clk 01:10:05]} {[%emt 00:01:16]} Qxb2 {[%clk 01:25:15]} {[%emt 00:02:31]}
11. Bc4 {[%clk 01:08:46]} {[%emt 00:01:48]} Bg4 {[%clk 01:23:34]} {[%emt
00:02:11]} 12. Rb5 {[%clk 00:42:00]} {[%emt 00:27:16]} Bxf3 {[%clk 01:18:28]}
{[%emt 00:05:37]} 13. Rxb2 {[%clk 00:41:23]} Bxd1 {[%clk 01:18:53]} {[%emt
00:01:11]} 14. Kxd1 {[%clk 00:41:49]} {[%emt 00:00:04]} Rd8 {[%clk 01:14:24]}
{[%emt 00:04:59]} 15. Rxb7 {[%clk 00:09:47]} {[%emt 00:32:32]} Rxd4 {[%clk
01:14:00]} {[%emt 00:00:55]} 16. Rxe7 {[%clk 00:09:50]} {[%emt 00:00:27]} Nc6
{[%clk 01:11:00]} {[%emt 00:03:30]} 17. Bxf7+ {[%clk 00:10:15]} {[%emt
00:00:05]} Kf8 {[%emt 00:01:33]} 18. Rc7 {[%clk 00:09:50]} Bh6 {[%clk
01:10:53]} {[%emt 00:00:29]} 19. f4 {[%clk 00:07:32]} {[%emt 00:02:49]} Bxf4
{[%clk 01:09:32]} {[%emt 00:01:50]} 20. Rf1 {[%clk 00:06:52]} {[%emt 00:01:09]}
Rxd2+ {[%clk 01:04:25]} {[%emt 00:05:38]} 21. Ke1 {[%clk 00:07:12]} {[%emt
00:00:10]} Bxc7 {[%clk 01:04:41]} {[%emt 00:00:14]} 22. Bd5+ {[%clk 00:07:29]}
{[%emt 00:00:13]} Kg7 {[%clk 00:58:27]} {[%emt 00:06:44]} 23. Kxd2 {[%clk
00:07:10]} {[%emt 00:00:47]} Ba5+ {[%clk 00:58:49]} {[%emt 00:00:09]} 24. Ke2
{[%clk 00:07:20]} {[%emt 00:00:20]} Rc8 {[%clk 00:59:06]} {[%emt 00:00:12]} 25.
Rf7+ {[%clk 00:07:42]} {[%emt 00:00:09]} Kh6 {[%clk 00:58:41]} {[%emt
00:00:55]} 26. Bxc6 {[%clk 00:08:06]} {[%emt 00:00:07]} Rxc6 {[%clk 00:59:05]}
{[%emt 00:00:06]} 27. Rxa7 {[%clk 00:08:32]} {[%emt 00:00:04]} Bc7 {[%clk
00:58:32]} {[%emt 00:01:02]} 28. g3 {[%clk 00:08:42]} {[%emt 00:00:20]} Kg5
{[%clk 00:58:27]} {[%emt 00:00:35]} 29. Kf3 {[%clk 00:08:33]} {[%emt 00:00:39]}
Rc3+ {[%clk 00:58:46]} {[%emt 00:00:11]} 30. Kg2 {[%clk 00:09:02]} {[%emt
00:00:02]} Rc2+ {[%clk 00:58:27]} {[%emt 00:00:49]} 31. Kh3 {[%clk 00:08:51]}
{[%emt 00:00:41]} Bb6 {[%clk 00:57:58]} {[%emt 00:00:58]} 32. Ra1 {[%clk
00:08:30]} {[%emt 00:00:52]} h5 {[%clk 00:57:20]} {[%emt 00:01:08]} 33. Rb1
{[%clk 00:06:23]} {[%emt 00:02:36]} Bc5 {[%clk 00:57:25]} {[%emt 00:00:25]} 34.
Re1 {[%clk 00:04:24]} {[%emt 00:02:29]} Kf6 {[%clk 00:56:36]} {[%emt 00:01:18]}
0-1

[Event "European Chess Club Cup 2023"]
[Site "Durres, Albania"]
[Date "2023.10.07"]
[Round "7.33"]
[White "Korobov, Anton"]
[Black "Lopez Mulet, Inigo"]
[Result "1-0"]
[TimeControl "90' + 30' & 30\""]
[WhiteElo "2658"]
[BlackElo "2414"]

1. d4 {[%clk 01:30:56]} {[%emt 00:00:02]} Nf6 {[%clk 01:30:47]} {[%emt
00:00:15]} 2. c4 {[%clk 01:31:13]} {[%emt 00:00:13]} e6 {[%clk 01:31:01]}
{[%emt 00:00:16]} 3. Nc3 {[%clk 01:31:21]} {[%emt 00:00:22]} Bb4 {[%clk
01:31:08]} {[%emt 00:00:24]} 4. e3 {[%clk 01:31:45]} {[%emt 00:00:06]} O-O
{[%clk 01:28:38]} {[%emt 00:02:59]} 5. Bd3 {[%clk 01:30:22]} {[%emt 00:01:52]}
c5 {[%clk 01:22:52]} {[%emt 00:06:18]} 6. Nf3 {[%clk 01:30:13]} {[%emt
00:00:38]} d5 {[%clk 01:23:15]} {[%emt 00:00:08]} 7. O-O {[%clk 01:30:36]}
{[%emt 00:00:06]} cxd4 {[%clk 01:20:21]} {[%emt 00:03:25]} 8. exd4 {[%clk
01:28:17]} {[%emt 00:02:48]} dxc4 {[%clk 01:20:45]} {[%emt 00:00:06]} 9. Bxc4
{[%clk 01:28:38]} {[%emt 00:00:08]} b6 {[%clk 01:20:57]} {[%emt 00:00:20]} 10.
Qe2 {[%clk 01:29:02]} {[%emt 00:00:05]} Nc6 {[%clk 01:17:04]} {[%emt 00:04:24]}
11. Rd1 {[%clk 01:26:15]} {[%emt 00:03:16]} Ne7 {[%clk 01:16:21]} {[%emt
00:01:14]} 12. Bg5 {[%clk 01:23:34]} {[%emt 00:03:10]} Bxc3 {[%clk 01:05:23]}
{[%emt 00:11:29]} 13. bxc3 {[%clk 01:22:55]} {[%emt 00:01:08]} Ned5 {[%clk
01:04:30]} {[%emt 00:01:23]} 14. Rac1 {[%clk 01:17:23]} {[%emt 00:06:01]} Bb7
{[%clk 01:02:13]} {[%emt 00:02:48]} 15. Bd3 {[%clk 01:10:04]} {[%emt 00:07:48]}
Qd6 {[%clk 00:37:59]} {[%emt 00:24:45]} 16. Ne5 {[%clk 01:08:25]} {[%emt
00:02:09]} h6 {[%clk 00:37:07]} {[%emt 00:01:22]} 17. Bd2 {[%clk 01:07:27]}
{[%emt 00:01:27]} Rfd8 {[%clk 00:35:05]} {[%emt 00:02:33]} 18. Qf3 {[%clk
01:02:00]} {[%emt 00:05:56]} Qe7 {[%clk 00:32:36]} {[%emt 00:03:00]} 19. Bb1
{[%clk 00:57:42]} {[%emt 00:04:47]} Nd7 {[%clk 00:23:11]} {[%emt 00:09:55]} 20.
c4 {[%clk 00:49:44]} {[%emt 00:08:29]} Nxe5 {[%clk 00:22:39]} {[%emt 00:01:03]}
21. dxe5 {[%clk 00:46:43]} {[%emt 00:03:30]} Nb4 {[%clk 00:23:02]} {[%emt
00:00:07]} 22. Qg4 {[%clk 00:44:20]} {[%emt 00:02:52]} Kf8 {[%clk 00:14:50]}
{[%emt 00:08:43]} 23. h4 {[%clk 00:41:47]} {[%emt 00:03:02]} Nc6 {[%clk
00:12:31]} {[%emt 00:02:50]} 24. Bc3 {[%clk 00:36:01]} {[%emt 00:06:16]} Rxd1+
{[%clk 00:12:45]} {[%emt 00:00:16]} 25. Rxd1 {[%clk 00:36:26]} {[%emt
00:00:05]} Rd8 {[%clk 00:13:12]} {[%emt 00:00:04]} 26. Rd6 {[%clk 00:36:20]}
{[%emt 00:00:35]} Ke8 {[%clk 00:02:15]} {[%emt 00:11:27]} 27. Qg3 {[%clk
00:34:32]} {[%emt 00:02:18]} Qf8 {[%clk 00:00:45]} {[%emt 00:02:00]} 28. Bc2
{[%clk 00:26:46]} {[%emt 00:08:15]} Rxd6 {[%clk 00:00:45]} {[%emt 00:00:31]} 29.
exd6 {[%clk 00:27:15]} {[%emt 00:00:02]} f6 {[%clk 00:01:03]} {[%emt 00:00:12]}
30. Ba4 {[%clk 00:27:21]} {[%emt 00:00:24]} Kd7 {[%clk 00:01:09]} {[%emt
00:00:24]} 31. Bb4 {[%clk 00:27:18]} {[%emt 00:00:32]} g5 {[%clk 00:00:33]}
{[%emt 00:01:06]} 32. c5 {[%clk 00:24:15]} {[%emt 00:03:33]} Qd8 {[%clk
00:00:34]} {[%emt 00:00:30]} 33. hxg5 {[%clk 00:22:54]} {[%emt 00:01:50]} hxg5
{[%clk 00:00:59]} {[%emt 00:00:04]} 34. Qh3 {[%clk 00:23:02]} {[%emt 00:00:23]}
Qg8 {[%clk 00:00:35]} {[%emt 00:00:55]} 35. cxb6 {[%clk 00:22:55]} {[%emt
00:00:36]} axb6 {[%clk 00:00:56]} {[%emt 00:00:09]} 36. Qh6 {[%clk 00:22:02]}
{[%emt 00:01:22]} f5 {[%emt 00:01:55]} 37. Qf6 {[%clk 00:21:31]} Kc8 {[%clk
00:00:36]} {[%emt 00:00:28]} 38. Qe7 {[%clk 00:20:05]} {[%emt 00:01:55]} Nxe7
{[%clk 00:00:32]} {[%emt 00:00:35]} 39. dxe7 {[%clk 00:20:33]} {[%emt
00:00:02]} Bd5 {[%clk 00:00:36]} {[%emt 00:00:26]} 40. a3 {[%clk 00:20:45]}
{[%emt 00:00:17]} Qg7 {[%clk 00:00:32]} {[%emt 00:00:34]} 41. e8=Q+ {[%clk
00:21:04]} {[%emt 00:00:11]} Kc7 {[%clk 00:00:54]} {[%emt 00:00:08]} 42. Qe7+
{[%clk 00:21:23]} {[%emt 00:00:11]} Qxe7 {[%clk 00:01:21]} {[%emt 00:00:04]} 43.
Bxe7 {[%clk 00:21:47]} {[%emt 00:00:05]} g4 {[%clk 00:01:47]} {[%emt 00:00:04]}
44. Kf1 {[%clk 00:21:49]} {[%emt 00:00:27]} Bc4+ {[%clk 00:01:53]} {[%emt
00:00:25]} 45. Ke1 {[%clk 00:22:13]} {[%emt 00:00:05]} b5 {[%clk 00:02:20]}
{[%emt 00:00:04]} 46. Bc2 {[%clk 00:22:36]} {[%emt 00:00:06]} Kc6 {[%clk
00:02:15]} {[%emt 00:00:36]} 47. g3 {[%clk 00:22:53]} {[%emt 00:00:13]} Bd5
{[%clk 00:01:01]} {[%emt 00:01:44]} 48. Bd3 {[%clk 00:20:38]} {[%emt 00:02:44]}
1-0

[Event "European Chess Club Cup 2023"]
[Site "Durres, Albania"]
[Date "2023.10.07"]
[Round "7.34"]
[White "Luque Saiz, Andres"]
[Black "Kryvoruchko, Yuriy"]
[Result "0-1"]
[TimeControl "90' + 30' & 30\""]
[WhiteElo "2339"]
[BlackElo "2656"]

1. e4 {[%clk 01:30:57]} {[%emt 00:00:02]} c5 {[%clk 01:30:56]} {[%emt
00:00:05]} 2. d4 {[%clk 01:31:15]} {[%emt 00:00:12]} cxd4 {[%clk 01:31:15]}
{[%emt 00:00:11]} 3. c3 {[%clk 01:31:39]} {[%emt 00:00:06]} dxc3 {[%clk
01:30:31]} {[%emt 00:01:13]} 4. Nxc3 {[%clk 01:32:03]} {[%emt 00:00:06]} Nc6
{[%clk 01:29:43]} {[%emt 00:01:18]} 5. Nf3 {[%clk 01:32:17]} {[%emt 00:00:16]}
e6 {[%clk 01:29:19]} {[%emt 00:00:55]} 6. Bc4 {[%clk 01:32:34]} {[%emt
00:00:13]} Bb4 {[%clk 01:26:17]} {[%emt 00:03:31]} 7. O-O {[%clk 01:32:30]}
{[%emt 00:00:34]} Nge7 {[%clk 01:25:38]} {[%emt 00:01:10]} 8. a3 {[%clk
01:27:49]} {[%emt 00:05:11]} Bxc3 {[%clk 01:24:33]} {[%emt 00:01:34]} 9. bxc3
{[%clk 01:28:15]} {[%emt 00:00:04]} O-O {[%clk 01:07:16]} {[%emt 00:17:47]} 10.
Qd6 {[%clk 01:14:58]} {[%emt 00:13:48]} b6 {[%clk 01:07:18]} {[%emt 00:00:28]}
11. Bg5 {[%clk 01:13:35]} {[%emt 00:01:53]} f6 {[%clk 01:04:00]} {[%emt
00:03:48]} 12. Bf4 {[%clk 01:11:15]} {[%emt 00:02:50]} Na5 {[%clk 01:00:02]}
{[%emt 00:04:27]} 13. Ba2 {[%clk 01:09:09]} {[%emt 00:02:37]} Ba6 {[%clk
00:57:31]} {[%emt 00:03:00]} 14. Rfd1 {[%clk 01:06:22]} {[%emt 00:03:18]} Bc4
{[%clk 00:56:53]} {[%emt 00:01:08]} 15. Qxd7 {[%clk 00:54:28]} {[%emt
00:12:24]} Qxd7 {[%clk 00:55:08]} {[%emt 00:02:15]} 16. Rxd7 {[%clk 00:54:54]}
Ng6 {[%clk 00:53:46]} {[%emt 00:01:56]} 17. Bc7 {[%clk 00:54:35]} {[%emt
00:00:49]} e5 {[%clk 00:47:28]} {[%emt 00:06:49]} 18. a4 {[%clk 00:44:28]}
{[%emt 00:10:36]} Rf7 {[%clk 00:37:05]} {[%emt 00:10:51]} 19. Bxc4 {[%clk
00:38:41]} {[%emt 00:06:18]} Nxc4 {[%clk 00:37:31]} {[%emt 00:00:04]} 20. Rad1
{[%clk 00:39:08]} {[%emt 00:00:04]} Nf8 {[%clk 00:37:36]} {[%emt 00:00:24]} 21.
Rxf7 {[%clk 00:31:38]} {[%emt 00:08:01]} Kxf7 {[%clk 00:38:00]} {[%emt
00:00:06]} 22. Nd2 {[%clk 00:31:44]} {[%emt 00:00:23]} Nxd2 {[%clk 00:24:06]}
{[%emt 00:14:24]} 23. Rxd2 {[%clk 00:31:51]} {[%emt 00:00:23]} Ne6 {[%clk
00:24:22]} {[%emt 00:00:14]} 24. a5 {[%clk 00:23:59]} {[%emt 00:08:22]} Ke8
{[%clk 00:24:48]} {[%emt 00:00:04]} 25. Bd6 {[%clk 00:24:25]} {[%emt 00:00:05]}
bxa5 {[%clk 00:25:14]} {[%emt 00:00:03]} 26. Kf1 {[%clk 00:22:32]} {[%emt
00:02:24]} Rc8 {[%clk 00:24:49]} {[%emt 00:00:55]} 27. Ra2 {[%clk 00:21:07]}
{[%emt 00:01:55]} Rc6 {[%clk 00:20:17]} {[%emt 00:05:01]} 28. Ba3 {[%clk
00:18:46]} {[%emt 00:02:51]} Rxc3 {[%clk 00:20:40]} {[%emt 00:00:07]} 29. f3
{[%clk 00:18:26]} {[%emt 00:00:51]} Nd4 {[%clk 00:20:42]} {[%emt 00:00:27]} 30.
Ra1 {[%clk 00:16:05]} {[%emt 00:02:51]} Nc2 {[%clk 00:20:16]} {[%emt 00:00:56]}
31. Bb2 {[%clk 00:16:24]} {[%emt 00:00:12]} Rb3 {[%clk 00:20:36]} {[%emt
00:00:10]} 0-1

[Event "European Chess Club Cup 2023"]
[Site "Durres, Albania"]
[Date "2023.10.07"]
[Round "7.35"]
[White "Fedorchuk, Sergey A."]
[Black "Garcia Molina, Jose"]
[Result "1-0"]
[TimeControl "90' + 30' & 30\""]
[WhiteElo "2564"]
[BlackElo "2216"]

1. e4 {[%clk 01:30:56]} {[%emt 00:00:03]} c5 {[%clk 01:30:45]} {[%emt
00:00:16]} 2. Nf3 {[%clk 01:31:15]} {[%emt 00:00:11]} d6 {[%clk 01:30:56]}
{[%emt 00:00:19]} 3. d4 {[%clk 01:31:23]} {[%emt 00:00:21]} cxd4 {[%clk
01:31:07]} {[%emt 00:00:21]} 4. Nxd4 {[%clk 01:31:43]} {[%emt 00:00:10]} Nf6
{[%clk 01:31:22]} {[%emt 00:00:15]} 5. Nc3 {[%clk 01:32:02]} {[%emt 00:00:11]}
Nc6 {[%clk 01:31:37]} {[%emt 00:00:14]} 6. Be2 {[%clk 01:30:48]} {[%emt
00:01:44]} g6 {[%clk 01:28:34]} {[%emt 00:03:34]} 7. Be3 {[%clk 01:30:53]}
{[%emt 00:00:24]} Bg7 {[%clk 01:28:37]} {[%emt 00:00:28]} 8. Qd2 {[%clk
01:31:10]} {[%emt 00:00:12]} O-O {[%clk 01:28:46]} {[%emt 00:00:21]} 9. O-O-O
{[%clk 01:29:46]} {[%emt 00:01:54]} Bd7 {[%clk 01:25:17]} {[%emt 00:03:59]} 10.
h4 {[%clk 01:26:44]} {[%emt 00:03:32]} h5 {[%clk 01:18:12]} {[%emt 00:07:35]}
11. f3 {[%clk 01:23:31]} {[%emt 00:03:43]} Ne5 {[%clk 01:07:57]} {[%emt
00:10:46]} 12. g4 {[%clk 01:08:20]} {[%emt 00:15:40]} Rc8 {[%clk 00:57:45]}
{[%emt 00:10:42]} 13. gxh5 {[%clk 01:06:11]} {[%emt 00:02:39]} Nxh5 {[%clk
00:56:52]} {[%emt 00:01:23]} 14. Rhg1 {[%clk 01:06:29]} {[%emt 00:00:12]} Nc4
{[%clk 00:47:02]} {[%emt 00:10:20]} 15. Bxc4 {[%clk 01:06:21]} {[%emt
00:00:38]} Rxc4 {[%clk 00:47:27]} {[%emt 00:00:06]} 16. Kb1 {[%clk 01:06:39]}
{[%emt 00:00:11]} Kh8 {[%clk 00:32:09]} {[%emt 00:15:48]} 17. b3 {[%clk
00:52:41]} {[%emt 00:14:29]} Rc8 {[%clk 00:30:21]} {[%emt 00:02:17]} 18. Nde2
{[%clk 00:46:05]} {[%emt 00:07:06]} Qa5 {[%clk 00:16:53]} {[%emt 00:13:58]} 19.
Rg5 {[%clk 00:45:55]} {[%emt 00:00:39]} Qb4 {[%clk 00:16:12]} {[%emt 00:01:12]}
20. Bd4 {[%clk 00:44:54]} {[%emt 00:01:31]} e5 {[%clk 00:13:40]} {[%emt
00:03:02]} 21. Rxh5+ {[%clk 00:44:53]} {[%emt 00:00:31]} Kg8 {[%clk 00:09:05]}
{[%emt 00:05:05]} 22. Nd5 {[%clk 00:45:10]} {[%emt 00:00:13]} 1-0